LEADER 01461nam a2200301 i 4500 001 991000646029707536 008 090908s2003 nyua b 001 0 eng d 020 $a9780521817547 035 $ab13889448-39ule_inst 040 $aDip.to Ingegneria dell'Innovazione$beng 082 0 $a004.35$221 100 1 $aKarniadakis, George$0472770 245 10$aParallel scientific computing in C++ and MPI :$ba seamless approach to parallel algorithms and their implementation /$cGeorge Em Karniadakis and Robert M. Kirby II 260 $aNew York :$bCambridge University Press,$c2003 300 $axi, 616 p. :$bill. ;$c24 cm. +$e1 CD-ROM 504 $aIncludes bibliographical references and index 650 4$aParallel processing (Electronic computers) 650 4$aC++ (Computer program language) 650 4$aData transmission systems 700 1 $aKirby, Robert M.,$d1975- 856 41$zTable of contents$uhttp://catdir.loc.gov/catdir/toc/cam031/2002034805.html 907 $a.b13889448$b28-01-14$c18-03-10 912 $a991000646029707536 945 $aLE026 004.35 KAR 01.01 2003$g1$i2026000055091$lle026$nProf. Cafaro / Biblioteca$op$pE47.15$q-$rl$s- $t4$u6$v0$w6$x0$y.i15095587$z22-03-10 945 $aLE026 cd-rom n. 284$ccd$g1$i2026000055589$lle026$o-$pE0.00$q-$rl$s- $t4$u2$v0$w2$x0$y.i15098096$z25-03-10 996 $aParallel scientific computing in C++ and MPI$9224748 997 $aUNISALENTO 998 $ale026$b08-09-09$cm$da $e-$feng$gnyu$h0$i0